000 00258nam a22001097a 4500
008 170123b xxu||||| |||| 00| 0 eng d
020 _a9781933107660
041 _aeng
080 _27TH
_a618.2
245 _aMATERNAL NEWBORN NURSING
_cPLATT, D
942 _2udc
_cBK
999 _c3394
_d3394